| 000 | 00797nab a2200241 u 4500 | ||
|---|---|---|---|
| 001 | 20678 | ||
| 003 | HDC | ||
| 007 | cr bn ---aaaaa | ||
| 008 | 210306c |r|noo 0 a d | ||
| 040 | _aHDC | ||
| 245 | 0 | _aNESTLE OMEGA PLUS MILK UNLOCKS THE MIRACLE OF PLANT STEROLS | |
| 260 |
_a[No place] : _b[publisher not identified], _c2016 |
||
| 336 |
_atext _2rdacontent |
||
| 337 |
_acomputer _2rdamedia |
||
| 338 |
_aonline resource _2rdacarrier |
||
| 650 |
_aHealthy lifestyle _918602 |
||
| 650 |
_aLow fat milk _918601 |
||
| 710 | _aYAHOO! FINANCE | ||
| 856 | _zRequest full-text at [email protected] | ||
| 942 | _2lcc | ||
| 942 | _cNEWS | ||
| 942 | _kNWSO 010056 | ||
| 999 |
_c17994 _d17994 |
||